[Event "Rhein Main op-B 21st"]
[Site "Bad Homburg"]
[Date "2018.05.31"]
[Round "2"]
[White "Barth, Horst"]
[Black "Bohrer, Katharina"]
[Result "0-1"]
[WhiteElo "1126"]
[BlackElo "1269"]
[PlyCount "84"]
[EventDate "2018.05.30"]
[EventType "swiss"]
[EventRounds "7"]
[EventCountry "GER"]
[SourceTitle "EXT 2019"]
[Source "ChessBase"]
[SourceDate "2018.10.10"]
[SourceVersion "1"]
[SourceVersionDate "2018.10.10"]
[SourceQuality "1"]

1. Nf3 d6 2. g3 Nf6 3. Bg2 g6 4. 0-0 Bg7 5. d3 0-0 6. e4 Nc6 7. Be3 Ng4 8. c3 Nxe3 9. fxe3 Bg4 10. h3 Bxf3 11. Rxf3 Ne5 12. Rf2 e6 13. d4 Nc6 14. Qe2 e5 15. d5 Ne7 16. Nd2 c6 17. c4 Qb6 18. Rb1 Rac8 19. b3 Qa5 20. a4 Qb6 21. h4 Bh6 22. Nf1 Rc7 23. Kh2 cxd5 24. exd5 Nf5 25. Rxf5 gxf5 26. Qh5 Bg7 27. Qxf5 f6 28. Be4 Bh8 29. Qg4+ Bg7 30. Qf5 Bh6 31. Qg4+ Rg7 32. Qf3 Qc5 33. Re1 Qb4 34. Qd1 f5 35. Bc2 Qa5 36. Nd2 Qd8 37. Rf1 f4 38. exf4 exf4 39. Nf3 fxg3+ 40. Kg2 Qe7 41. b4 Qe3 42. Be4 Qxe4 0-1

[Event "GER-ch U14 Girls"]
[Site "Willingen"]
[Date "2017.06.05"]
[Round "3"]
[White "Bohrer, Katharina"]
[Black "Albert, Eske"]
[Result "1-0"]
[WhiteElo "1335"]
[BlackElo "1345"]
[PlyCount "137"]
[EventDate "2017.06.04"]
[EventType "swiss"]
[EventRounds "9"]
[EventCountry "GER"]
[SourceTitle "CBM 178 Extra"]
[Source "ChessBase"]
[SourceDate "2017.06.22"]
[SourceVersion "1"]
[SourceVersionDate "2017.06.22"]
[SourceQuality "1"]

1. d4 d5 2. Nf3 Nf6 3. e3 Bg4 4. c4 e6 5. Nc3 Bb4 6. Qa4+ Nc6 7. Ne5 Bxc3+ 8. bxc3 a6 9. Nxc6 Qd7 10. Rb1 Qxc6 11. Qxc6+ bxc6 12. Rb7 Kd7 13. Bd3 a5 14. a4 Rhb8 15. Rxb8 Rxb8 16. c5 Ke7 17. f3 Bh5 18. e4 Bg6 19. Bg5 Rb2 20. 0-0 h6 21. Bxf6+ gxf6 22. Rc1 Ra2 23. Bc2 Ra3 24. Rd1 Rxc3 25. Bd3 e5 26. dxe5 fxe5 27. Kf2 Rxc5 28. Ke2 Kf6 29. h4 Ke6 30. exd5+ Rxd5 31. Bc4 Bc2 32. Bxd5+ cxd5 33. Rc1 Bxa4 34. Rxc7 Bb3 35. Ra7 a4 36. g3 h5 37. g4 hxg4 38. fxg4 Kf6 39. Ke3 Bd1 40. Ra6+ Kg7 41. g5 Bh5 42. Rxa4 f6 43. Ra7+ Kg6 44. Ra6 Kf7 45. Rxf6+ Kg7 46. Rh6 d4+ 47. Kd2 Bg6 48. h5 Bxh5 49. Rxh5 Kg6 50. Rh8 Kxg5 51. Kd3 Kf5 52. Rf8+ Ke6 53. Ke4 Ke7 54. Rh8 Ke6 55. Rh6+ Kd7 56. Kxe5 d3 57. Rd6+ Ke7 58. Rxd3 Kf7 59. Rd6 Ke7 60. Ra6 Kd7 61. Rh6 Kc7 62. Kd5 Kb7 63. Kc5 Ka7 64. Kb5 Kb8 65. Rh7 Kc8 66. Kc6 Kb8 67. Rg7 Ka8 68. Kb6 Kb8 69. Rg8# 1-0

[Event "GER-ch U14 Girls"]
[Site "Willingen"]
[Date "2017.06.04"]
[Round "2"]
[White "Wagner, Victoria"]
[Black "Bohrer, Katharina"]
[Result "1-0"]
[WhiteElo "1512"]
[BlackElo "1335"]
[PlyCount "61"]
[EventDate "2017.06.04"]
[EventType "swiss"]
[EventRounds "9"]
[EventCountry "GER"]
[SourceTitle "CBM 178 Extra"]
[Source "ChessBase"]
[SourceDate "2017.06.22"]
[SourceVersion "1"]
[SourceVersionDate "2017.06.22"]
[SourceQuality "1"]

1. e4 d6 2. d4 Nf6 3. Nc3 g6 4. f3 Bg7 5. Be3 c6 6. Qd2 b5 7. 0-0-0 Nbd7 8. Bh6 Bxh6 9. Qxh6 Nb6 10. g4 Rb8 11. h4 Nc4 12. Bxc4 bxc4 13. h5 gxh5 14. g5 Nd7 15. Qg7 Rf8 16. Rxh5 Qb6 17. Rxh7 Qxb2+ 18. Kd2 Qa3 19. g6 c5 20. gxf7+ Kd8 21. Rh8 Rxh8 22. Qxh8+ Kc7 23. Nd5+ Kb7 24. Rb1+ Kc6 25. Nxe7+ Kc7 26. Rxb8 c3+ 27. Kd1 Nxb8 28. Qxc8+ Kb6 29. Qxb8+ Ka6 30. Qxd6+ Kb7 31. f8Q 1-0

[Event "Regionalliga SW 1617 (Women)"]
[Site "Germany"]
[Date "2017.01.22"]
[Round "3.3"]
[White "Weiten, Katharina"]
[Black "Bohrer, Katharina"]
[Result "0-1"]
[WhiteElo "1121"]
[BlackElo "1110"]
[PlyCount "80"]
[EventDate "2016.10.23"]
[EventType "team-tourn"]
[EventRounds "5"]
[EventCountry "GER"]
[SourceTitle "EXT 2018"]
[Source "ChessBase"]
[SourceDate "2017.10.13"]
[SourceVersion "1"]
[SourceVersionDate "2017.10.13"]
[SourceQuality "1"]
[WhiteTeam "Riegelsberg (W)"]
[BlackTeam "Birkenfeld (W)"]
[WhiteTeamCountry "GER"]
[BlackTeamCountry "GER"]

1. e4 d6 2. d4 Nf6 3. Nc3 g6 4. Bc4 Bg7 5. Nf3 0-0 6. 0-0 Bg4 7. Re1 Nc6 8. Be3 e5 9. d5 Ne7 10. Bg5 Nd7 11. Re3 f5 12. Be2 Nc5 13. Nb5 a6 14. Na3 Nxe4 15. Bh4 Bh6 16. Rb3 Nc5 17. Rc3 Qd7 18. Nc4 Ne4 19. Rb3 Rab8 20. Nfd2 Bxe2 21. Qxe2 Nxd2 22. Bxe7 Qxe7 23. Nxd2 Qg5 24. Rd1 Bg7 25. c4 e4 26. f3 exf3 27. Nxf3 Qg4 28. Re3 f4 29. Re7 Bf6 30. Qe6+ Qxe6 31. Rxe6 Bxb2 32. Ng5 Rbe8 33. Rxe8 Rxe8 34. Rf1 Rf8 35. Ne6 Rf7 36. Nxf4 Bd4+ 37. Kh1 g5 38. g3 gxf4 39. gxf4 Re7 40. Kg2 Re2+ 0-1

[Event "GER-chT U14 Girls"]
[Site "Duesseldorf"]
[Date "2016.12.28"]
[Round "3.1"]
[White "Bohrer, Katharina"]
[Black "Schiewe, Nadine"]
[Result "1-0"]
[WhiteElo "1309"]
[BlackElo "1444"]
[PlyCount "85"]
[EventDate "2016.12.27"]
[EventType "team-swiss"]
[EventRounds "7"]
[EventCountry "GER"]
[SourceTitle "EXT 2018"]
[Source "ChessBase"]
[SourceDate "2017.10.13"]
[SourceVersion "1"]
[SourceVersionDate "2017.10.13"]
[SourceQuality "1"]
[WhiteTeam "Konz Karthaus"]
[BlackTeam "Berlin Eintracht"]
[WhiteTeamCountry "GER"]
[BlackTeamCountry "GER"]

1. d4 d5 2. Nf3 e6 3. e3 f5 4. Nc3 c6 5. Be2 Nf6 6. Ne5 Bd6 7. f4 Ne4 8. 0-0 0-0 9. Bd2 Rf6 10. Be1 Rh6 11. Bh5 g6 12. Bf3 Nd7 13. Bxe4 dxe4 14. Qe2 Nb6 15. Rd1 g5 16. Qf2 g4 17. Qg3 Qe8 18. a4 Kh8 19. a5 Nd7 20. Nc4 Be7 21. Qf2 Rf6 22. Ne5 h5 23. Qe2 Rh6 24. Ra1 Nf6 25. Bh4 Nd5 26. Nxd5 exd5 27. Bg5 Bxg5 28. fxg5 Rh7 29. Qf2 Qe6 30. h3 Rg7 31. g6 Kg8 32. Qh4 Bd7 33. Qxh5 gxh3 34. Qxh3 Be8 35. Rxf5 Qe7 36. Raf1 Bxg6 37. Nxg6 Rxg6 38. Rh5 Qg7 39. Rf4 Rf6 40. Rxf6 Qxf6 41. Qg4+ Kf7 42. Rf5 Qxf5 43. Qxf5+ 1-0

[Event "GER-chT U14 Girls"]
[Site "Duesseldorf"]
[Date "2016.12.27"]
[Round "2.1"]
[White "Rudolph, Eva"]
[Black "Bohrer, Katharina"]
[Result "1-0"]
[WhiteElo "1666"]
[BlackElo "1309"]
[PlyCount "91"]
[EventDate "2016.12.27"]
[EventType "team-swiss"]
[EventRounds "7"]
[EventCountry "GER"]
[SourceTitle "EXT 2018"]
[Source "ChessBase"]
[SourceDate "2017.10.13"]
[SourceVersion "1"]
[SourceVersionDate "2017.10.13"]
[SourceQuality "1"]
[WhiteTeam "Duesseldorf SK"]
[BlackTeam "Konz Karthaus"]
[WhiteTeamCountry "GER"]
[BlackTeamCountry "GER"]

1. e4 d6 2. d4 Nf6 3. Nc3 g6 4. Be3 Bg7 5. Qd2 0-0 6. f3 Nc6 7. 0-0-0 a5 8. Bh6 e5 9. Bxg7 Kxg7 10. dxe5 dxe5 11. Qf2 Qe7 12. h4 a4 13. a3 Be6 14. g4 Nd4 15. Nge2 Nxe2+ 16. Bxe2 Rab8 17. Nxa4 b5 18. Qc5 Qxc5 19. Nxc5 c6 20. Nxe6+ fxe6 21. Rd6 Rbc8 22. Rxe6 Rfe8 23. Rxe8 Rxe8 24. Rd1 Rb8 25. Kd2 Rd8+ 26. Kc3 Rxd1 27. Bxd1 Nd7 28. Kb4 Kf7 29. c4 bxc4 30. Kxc4 Ke6 31. a4 Kd6 32. Kb4 Kc7 33. Bb3 Kb7 34. Be6 Nb8 35. g5 Na6+ 36. Kc4 Kc7 37. Bg8 Kd6 38. Bxh7 Ke7 39. Bxg6 Kf8 40. h5 Kg7 41. Be8 Kf8 42. Bxc6 Nb8 43. Kd5 Ke7 44. a5 Kf8 45. b4 Ke7 46. b5 1-0

[Event "GER-chT Lands U20"]
[Site "Hannover"]
[Date "2016.10.05"]
[Round "7.8"]
[White "Bohrer, Katharina"]
[Black "Bayer, Melissa"]
[Result "1/2-1/2"]
[WhiteElo "1343"]
[BlackElo "1557"]
[PlyCount "53"]
[EventDate "2016.10.01"]
[EventType "team-swiss"]
[EventRounds "7"]
[EventCountry "GER"]
[SourceTitle "CBM 174 Extra"]
[Source "ChessBase"]
[SourceDate "2016.10.10"]
[SourceVersion "1"]
[SourceVersionDate "2016.10.10"]
[SourceQuality "1"]
[WhiteTeam "Rheinland Pfalz"]
[BlackTeam "Hessen"]
[WhiteTeamCountry "GER"]
[BlackTeamCountry "GER"]

1. d4 d5 2. Nf3 Nc6 3. e3 g6 4. Bd3 Nf6 5. Nbd2 Bg7 6. 0-0 0-0 7. c3 Re8 8. Re1 b6 9. e4 e6 10. Qe2 Bb7 11. e5 Nd7 12. Nf1 f6 13. exf6 Nxf6 14. Qc2 Qd7 15. Ng5 Re7 16. Ng3 Nd8 17. h4 Nf7 18. h5 Nxg5 19. Bxg5 h6 20. Bxf6 Bxf6 21. Bxg6 Bg5 22. Re2 Rf8 23. Rae1 Qd6 24. Qa4 a6 25. Bb1 c5 26. Qc2 Rf6 27. a3 1/2-1/2

[Event "GER-chT Lands U20"]
[Site "Hannover"]
[Date "2016.10.03"]
[Round "5.8"]
[White "Bohrer, Katharina"]
[Black "Reuter, Elisa"]
[Result "0-1"]
[WhiteElo "1343"]
[BlackElo "1470"]
[PlyCount "156"]
[EventDate "2016.10.01"]
[EventType "team-swiss"]
[EventRounds "7"]
[EventCountry "GER"]
[SourceTitle "CBM 174 Extra"]
[Source "ChessBase"]
[SourceDate "2016.10.10"]
[SourceVersion "1"]
[SourceVersionDate "2016.10.10"]
[SourceQuality "1"]
[WhiteTeam "Rheinland Pfalz"]
[BlackTeam "Thueringen"]
[WhiteTeamCountry "GER"]
[BlackTeamCountry "GER"]

1. d4 f5 2. Nf3 Nf6 3. Bg5 Ne4 4. Bf4 g6 5. Be5 Nf6 6. Bxf6 exf6 7. e3 Bg7 8. g3 0-0 9. Bg2 d6 10. 0-0 Nc6 11. c4 Qe7 12. Nc3 Rd8 13. Re1 Qf7 14. Qe2 h6 15. Rac1 Kh7 16. a3 a6 17. Qd3 Ne7 18. Nd5 Nxd5 19. cxd5 b6 20. Qc3 Rd7 21. Qc4 Bb7 22. Rc2 Kh8 23. Nh4 Rb8 24. e4 fxe4 25. Bxe4 f5 26. Bg2 g5 27. Nf3 b5 28. Qd3 Bxd5 29. Qd2 Be4 30. Rcc1 Qd5 31. Qc3 Bxf3 32. Bxf3 Qxd4 33. Qc6 Rdd8 34. Qxa6 c5 35. Rcd1 Qf6 36. Qa7 Qf8 37. Re7 Qf6 38. Rf7 Qe5 39. Rd5 Qxb2 40. Rd2 Qe5 41. Re2 Qa1+ 42. Kg2 Rf8 43. Bh5 Rxf7 44. Qxb8+ Rf8 45. Re8 Qf6 46. Qxb5 Rxe8 47. Qxe8+ Qf8 48. Qd7 c4 49. Bg6 f4 50. Qc6 fxg3 51. hxg3 c3 52. a4 Bd4 53. Kh3 Kg7 54. Bh5 Qf5+ 55. Bg4 Qxf2 56. Qd7+ Qf7 57. Qf5 Qxf5 58. Bxf5 Kf6 59. Be4 h5 60. a5 d5 61. Bd3 Ke5 62. Kg2 Ba7 63. Kf3 Kd4 64. Bc2 h4 65. gxh4 gxh4 66. Kg4 Ke3 67. Kxh4 d4 68. Kg3 d3 69. Bb3 c2 70. Bxc2 dxc2 71. a6 c1Q 72. Kg4 Qf1 73. Kg5 Qf4+ 74. Kg6 Ke4 75. Kg7 Qf5 76. Kg8 Qd7 77. Kf8 Kf5 78. Kg8 Kg6 0-1

[Event "GER-ch U12 Girls"]
[Site "Willingen"]
[Date "2016.05.18"]
[Round "7"]
[White "Stowicek, Yara Mathilda"]
[Black "Bohrer, Katharina"]
[Result "1-0"]
[WhiteElo "1293"]
[BlackElo "1406"]
[PlyCount "49"]
[EventDate "2016.05.15"]
[EventType "swiss"]
[EventRounds "11"]
[EventCountry "GER"]
[SourceTitle "CBM 172 Extra"]
[Source "ChessBase"]
[SourceDate "2016.06.21"]
[SourceVersion "1"]
[SourceVersionDate "2016.06.21"]
[SourceQuality "1"]

1. e4 d6 2. d4 Nf6 3. Nc3 g6 4. f4 Bg7 5. Nf3 0-0 6. Bd3 Nc6 7. Be3 Bg4 8. h3 Bxf3 9. Qxf3 e5 10. fxe5 dxe5 11. d5 Ne7 12. 0-0-0 c6 13. g4 cxd5 14. exd5 Nexd5 15. Nxd5 Nxd5 16. Be4 Qe7 17. Bxd5 Rfe8 18. Qe4 a6 19. h4 Rab8 20. g5 b5 21. h5 Kh8 22. hxg6 fxg6 23. Rxh7+ Kxh7 24. Qh4+ Bh6 25. Qxh6# 1-0